Najlepsi strzelcy w historii wybranych klubów - Statystyki

Ogólne statystyki
  • Ten quiz został rozwiązany 608 razy
    427 od ostatniego zresetowania
  • Średni wynik to 6 z 15
Statystyki odpowiedzi
Klub Piłkarz % Poprawnych
Bayern Monachium Gerd Muller
96%
Real Madryt Cristiano Ronaldo
95%
FC Barcelona Lionel Messi
94%
PSG Kylian Mbappe
74%
Manchester United Wayne Rooney
73%
Juventus Alessandro Del Piero
57%
Liverpool Ian Rush
33%
Ajax Amsterdam Johan Cruyff
33%
Olympique Lyon Alexandre Lacazette
27%
Inter Mediolan Giuseppe Meazza
17%
Legia Warszawa Lucjan Brychczy
15%
AC Milan Gunnar Nordahl
8%
Wisła Kraków Kazimierz Kmiecik
7%
Lech Poznań Teodor Anioła
6%
Borussia Dortmund Adi Preissler
3%
Nie znaleziono quizów pasujących do podanych kryteriów
Rozkład punktacji
Procent ludzi z każdym wynikiem
Percentyl według liczby udzielonych odpowiedzi
Twoja historia wyników
Nie rozwiązałeś tego quizu od ostatniego zresetowania